| 000 | 00640nam a2200193Ia 4500 | ||
|---|---|---|---|
| 005 | 20250508170229.0 | ||
| 008 | 008 250505s9999 xx 000 0 eng d | ||
| 020 | _a978-1-312-19093-1 | ||
| 037 | _aTheses | ||
| 040 |
_aFEDL _beng _cFEDL |
||
| 041 |
_aeng _2eng |
||
| 084 |
_a371.904 73, SOB/TH _qFEDL |
||
| 100 |
_aSobha S _9783544 |
||
| 245 | 0 | _aDevelopment of a learning package for children with learning disability at the primary school level | |
| 260 | _c2016 | ||
| 546 | _aPH.D Thesese, (Kearala University); Gifted by Prof. Sailaja Chennat | ||
| 942 |
_cTH _h371.904 73, SOB/TH |
||
| 999 |
_c1399928 _d1399928 |
||